Aspectos bs̀icos del derecho de propiedad

Bibliographic Details
Main Author: Rodrg̕uez Montero, Gustavo Enrique
Format: eBook
Language:Spanish
Published: Barcelona : Editorial vLex, 2011
Subjects:
Online Access:http://www.vlex.com/source/11231

MARC

LEADER 00000nam a22000007a 4500
005 20130606184114.0
007 cr|||| ||||
008 130606e2011 sp |||||s|||| 00||0 spa d
035 |a 11231 
040 |a vLex 
090 |c 4284  |d 4284 
100 1 0 |a Rodrg̕uez Montero, Gustavo Enrique  
245 1 0 |a Aspectos bs̀icos del derecho de propiedad  |c / Gustavo Enrique Rodrg̕uez Montero   |h [Recurso electrn̤ico]  
256 |a Servicio en ln̕ea 
260 |a Barcelona :  |b Editorial vLex,   |c 2011 
300 |a 1 Recurso electrn̤ico 
506 |d vLex Global  |d vLex Global (Academic Edition, excluding Law Schools)  |d vLex Global (U.S. Academic Edition, Law Schools)  |d vLex Global (U.S. Academic Edition, excluding Law Schools)  |d vLex Global (Academic Edition, Law Schools)  |a Contenido solo disponible en los productos indicados 
650 4 |a Derecho civil  |z Cuba 
740 |a vLex Libros (Servicio en ln̕ea) 
856 |a Acceso restringido  |u http://www.vlex.com/source/11231 
942 |c BOOK 
999 0 |a Civil law